| 000 | 01143nam0a22002891 4500 | ||
|---|---|---|---|
| 001 | rc\4478759 | ||
| 005 | 20260331152957.0 | ||
| 021 |
_aRU _b[63-10021] |
||
| 035 | _a(NLR Aleph) 008600949 | ||
| 090 |
_a8703662 _c8703662 |
||
| 100 | _a20130416d1962 u y0rusy50 ca | ||
| 101 | 0 | _arus | |
| 102 | _aRU | ||
| 105 | _ay z ||||| | ||
| 200 | 1 |
_aВеличины среднего сбега и объемов круглых лесоматериалов _fПоволж. лесотехн. ин-т им. М. Горького |
|
| 210 |
_aЙошкар-Ола _c[Маркнигоиздат] _d1962 |
||
| 215 |
_a21 с. _cграф. _d20 |
||
| 300 | _aПеред загл. авт.: доц. К.А. Кудрявцев | ||
| 320 | _aБиблиогр. в конце книги | ||
| 606 |
_aБревна _xОбъем _xОпределение _2psbo |
||
| 700 | 1 |
_7ca _8rus _aКудрявцев _bК. А. _cканд. с.-х. наук _f1910- _gКонстантин Александрович _92703209 _3RU\NLR\AUTH\770291775 |
|
| 801 | 0 |
_aRU _bNLR _gpsbo |
|
| 801 | 1 |
_aRU _bELAR _2rusmarc |
|
| 852 |
_aNLR _j63-4/3225 |
||
| 942 | _cBOOK | ||
| 980 | _aNB | ||